Hinduism by Countries - Statistics

General Stats
  • This quiz has been taken 88 times
  • The average score is 10 of 17
Answer Stats
Percentage of Hindus Countries % Correct
79.8% India
100%
81.19% Nepal
96%
12.6% Sri Lanka
88%
8.54% Bangladesh
84%
22.6% - 25% Bhutan
80%
50.63% Mauritius
59%
27.9% Fiji
56%
6.3% Malaysia
56%
5% - 20% UAE
55%
15.1% Qatar
50%
24.9% Guyana
46%
5.0% Singapore
46%
3% - 5.7% Oman
44%
22.3% - 27.4% Suriname
41%
<1 - 9.8% Bahrain
40%
12% Kuwait
39%
18.2% Trinidad and Tobago
39%
No matching quizzes found
Score Distribution
Percent of People with Each Score
Percentile by Number Answered
Your Score History
You have not taken this quiz